Cases in Strategic Management

Guardado en:
Detalles Bibliográficos
Autor principal: David, Fred R.
Formato: Libro
Lenguaje:inglés
Publicado: Columbus Merrill Publ. Co. 1989
Edición:2. ed.
Materias:
Etiquetas: Agregar Etiqueta
Sin Etiquetas, Sea el primero en etiquetar este registro!

MARC

LEADER 00000nam a2200000 4500
001 c004793
005 20221206131222.8
020 |a 0-675-20940-4 
041 0 |a eng 
044 |a US 
245 1 0 |a Cases in Strategic Management  |c Fred R. David 
250 |a 2. ed. 
264 1 |a Columbus  |b Merrill Publ. Co.  |c 1989 
300 |a 585 s. 
610 2 0 |a manažment strategický 
610 2 0 |a štúdie prípadové 
100 1 |a David, Fred R.